Development of samarium doped ceria (SDC) and SDC-based composite electrolyte for application in intermediate temperature solid oxide fuel cells (SOFCs) / (Record no. 601682)
[ view plain ]
| 000 -LEADER | |
|---|---|
| fixed length control field | 00567nam a2200157Ia 4500 |
| 008 - FIXED-LENGTH DATA ELEMENTS--GENERAL INFORMATION | |
| fixed length control field | 230907s9999||||xx |||||||||||||| ||und|| |
| 082 ## - DEWEY DECIMAL CLASSIFICATION NUMBER | |
| Classification number | 621.31249 |
| Author Mark | MUS |
| 100 ## - MAIN ENTRY--PERSONAL NAME | |
| Personal name | Mustafa Anwar (NUST201260710MCES64112F) |
| 245 #0 - TITLE STATEMENT | |
| Title | Development of samarium doped ceria (SDC) and SDC-based composite electrolyte for application in intermediate temperature solid oxide fuel cells (SOFCs) / |
| 264 ## - PRODUCTION, PUBLICATION, DISTRIBUTION, MANUFACTURE, AND COPYRIGHT NOTICE | |
| Place of production, publication, distribution, manufacture | Islamabad : |
| Name of producer, publisher, distributor, manufacturer | USPCAS-E |
| 300 ## - PHYSICAL DESCRIPTION | |
| Extent | x, 116 p. : |
| 520 ## - SUMMARY, ETC. | |
| Summary, etc. | TH-3 |
| 650 ## - SUBJECT ADDED ENTRY--TOPICAL TERM | |
| Topical term or geographic name entry element | MS-ESE Thesis MS Thesis |
| 700 ## - ADDED ENTRY--PERSONAL NAME | |
| Personal name | Dr Zuhair Subhani Khan |
| 942 ## - ADDED ENTRY ELEMENTS (KOHA) | |
| Source of classification or shelving scheme | |
| Koha item type | Thesis |
| Withdrawn status | Permanent Location | Current Location | Date acquired | Full call number | Barcode | Koha item type |
|---|---|---|---|---|---|---|
| US-Pakistan Center for Advanced Studies in Energy (USPCAS-E) | US-Pakistan Center for Advanced Studies in Energy (USPCAS-E) | 07/24/2019 | 621.31249 MUS | CAS-ETH0000003 | Thesis |
